Statistics for English Football Teams Starting With 'B'

Click here to take the quiz!

General Stats

  • This quiz has been taken 31 times
  • The average score is 10 of 13

Answer Stats

Answer% Correct
Birmingham City
87%
Burnley
87%
Blackburn Rovers
84%
Bolton Wanderers
84%
Barnsley
81%
Bristol City
81%
Blackpool
77%
Bournemouth
77%
Bradford City
77%
Brentford
71%
Brighton
68%
Bristol Rovers
65%
Burton Albion
48%

Score Distribution

Percentile by Number Answered

Percent of People with Each Score

Your Score History

You have not taken this quiz